000 00791nam a2200241 a 4500
005 20230705063553.0
008 040114s2002 mx r 000 0 spa d
020 _a8471976943
035 _aUPN01000131271
049 _aCG
050 4 _aLB3621
_bL6.7
100 1 _aLópez Cubino, Rafael
_929059
245 1 3 _aLa prensa en el aula /
_cRafael López Cubino, Begoña López Sobrino.
260 _aBilbao, Esp. :
_bCisspraxis,
_c2002.
300 _a265 p.
440 0 _aEducación al día.
_pDidáctica y pedagogía
650 4 _aPERIODISMO ESTUDIANTIL
_94883
650 4 _aPERIODISMO Y EDUCACION
_915707
650 4 _aMedios masivos de comunicación en la educación
_94936
650 4 _aPERIODICOS Y SU LECTURA
_915935
700 1 _aLópez Sobrino, Begoña,
_ecoaut.
905 _aLibro
999 _c103426
_d103426